[Event "Vecindario Montalvo Memorial 16th"]
[Site "Vecindario"]
[Date "2024.03.28"]
[Round "6"]
[White "Calzetta Ruiz, Monica"]
[Black "John, Alexander"]
[Result "1-0"]
[WhiteElo "2239"]
[BlackElo "1882"]
[PlyCount "67"]
[EventDate "2024.03.23"]
[EventType "swiss"]
[EventRounds "9"]
[EventCountry "ESP"]
[SourceTitle "CB15_2024"]
[SourceDate "2024.04.10"]
[SourceVersion "1"]
[SourceVersionDate "2024.04.10"]
[SourceQuality "1"]

1. e4 c5 2. Nf3 Nc6 3. d4 cxd4 4. Nxd4 g6 5. Nc3 Bg7 6. Be3 Nf6 7. Nxc6 bxc6 8. e5 Ng8 9. f4 Nh6 10. Qd2 0-0 11. 0-0-0 d6 12. h3 Qa5 13. g4 dxe5 14. fxe5 Nxg4 15. hxg4 Bxg4 16. Be2 Bxe2 17. Qxe2 Qxe5 18. Qf2 Qa5 19. Bd4 Rad8 20. Qh4 h5 21. Bxg7 Kxg7 22. Qxe7 Rde8 23. Qh4 Re6 24. Rd7 Qe5 25. Qf2 a5 26. Rf1 Qe3+ 27. Qxe3 Rxe3 28. Kd2 Re6 29. a4 h4 30. Kd3 g5 31. Ne4 Kg6 32. Nc5 Re5 33. Rd6+ f6 34. Nd7 1-0

[Event "EU-ch Rapid (Women)"]
[Site "Monaco"]
[Date "2024.01.13"]
[Round "5"]
[White "Calzetta Ruiz, Monica"]
[Black "Follana Albelda, Lucia"]
[Result "1-0"]
[WhiteElo "2241"]
[BlackElo "1885"]
[PlyCount "64"]
[EventDate "2024.01.13"]
[EventType "swiss (rapid)"]
[EventRounds "11"]
[EventCountry "MNC"]
[SourceTitle "CB03_2024"]
[SourceDate "2024.01.17"]
[SourceVersion "1"]
[SourceVersionDate "2024.01.17"]
[SourceQuality "1"]

1. e4 c5 2. Nf3 d6 3. d4 cxd4 4. Nxd4 Nf6 5. Nc3 a6 6. g3 e5 7. Nde2 Be7 8. Bg2 0-0 9. 0-0 Qc7 10. h3 b5 11. g4 b4 12. Nd5 Nxd5 13. Qxd5 Bb7 14. Qd3 a5 15. c4 Nd7 16. Ng3 Nc5 17. Qe2 Rfc8 18. Be3 Ne6 19. Rac1 Bg5 20. Bxg5 Nxg5 21. Rfd1 Ne6 22. Qe3 g6 23. Bf1 Kg7 24. Kh2 Qe7 25. Rd2 Qf6 26. Rxd6 Rh8 27. c5 Qe7 28. Rcd1 Qe8 29. Bc4 Bc8 30. c6 Nf4 31. Qc5 h5 32. Rd8 Qxd8 1-0

[Event "EU-ch Blitz (Women)"]
[Site "Monaco"]
[Date "2024.01.12"]
[Round "7"]
[White "Hnatyshyn, Anastasiya"]
[Black "Calzetta Ruiz, Monica"]
[Result "1-0"]
[WhiteElo "2152"]
[BlackElo "2241"]
[PlyCount "53"]
[EventDate "2024.01.12"]
[EventType "swiss (blitz)"]
[EventRounds "13"]
[EventCountry "MNC"]
[SourceTitle "CB03_2024"]
[SourceDate "2024.01.17"]
[SourceVersion "1"]
[SourceVersionDate "2024.01.17"]
[SourceQuality "1"]

1. e4 c5 2. Nf3 Nc6 3. d4 cxd4 4. Nxd4 g6 5. c4 Nf6 6. Nc3 d6 7. Be2 Nxd4 8. Qxd4 Bg7 9. Be3 0-0 10. Qd2 a5 11. 0-0 a4 12. Rfd1 Qa5 13. Rab1 Be6 14. f3 Rfc8 15. b4 axb3 16. axb3 Qb4 17. Nb5 Qxd2 18. Rxd2 Nd7 19. f4 Nc5 20. Bf3 h5 21. g3 Bg4 22. Kf2 Kf8 23. Bd4 Bxd4+ 24. Nxd4 Ra3 25. Rbb2 Bxf3 26. Kxf3 e6 27. Nb5 1-0

[Event "Las Palmas San Mateo CC op 1st"]
[Site "Las Palmas"]
[Date "2023.12.08"]
[Round "8"]
[White "Hernandez Leon, Alberto"]
[Black "Calzetta Ruiz, Monica"]
[Result "0-1"]
[WhiteElo "2209"]
[BlackElo "2253"]
[PlyCount "55"]
[EventDate "2023.12.04"]
[EventType "swiss"]
[EventRounds "9"]
[EventCountry "ESP"]
[SourceTitle "CB50_2023"]
[SourceDate "2023.12.13"]
[SourceVersion "1"]
[SourceVersionDate "2023.12.13"]
[SourceQuality "1"]

1. d4 d5 2. c4 e6 3. Nf3 c5 4. cxd5 exd5 5. g3 Nc6 6. Nc3 Nf6 7. Bg2 cxd4 8. Nxd4 Bc5 9. Nb3 Bb6 10. 0-0 d4 11. Na4 0-0 12. Bg5 h6 13. Bxf6 Qxf6 14. Nxb6 axb6 15. Qd3 Rd8 16. Rfd1 Ne5 17. Qe4 Bf5 18. Qxb7 Rab8 19. Qa6 d3 20. h3 Bc8 21. Qa7 Bxh3 22. Bxh3 dxe2 23. Re1 Nf3+ 24. Kg2 Qc6 25. Rxe2 Nd4+ 26. Kh2 Nxe2 27. Bg2 Qf6 28. Qa6 0-1

[Event "Las Palmas San Mateo CC op 1st"]
[Site "Las Palmas"]
[Date "2023.12.06"]
[Round "5"]
[White "Calzetta Ruiz, Monica"]
[Black "Marrero Cardenes, Agustin"]
[Result "1/2-1/2"]
[WhiteElo "2253"]
[BlackElo "2106"]
[PlyCount "67"]
[EventDate "2023.12.04"]
[EventType "swiss"]
[EventRounds "9"]
[EventCountry "ESP"]
[SourceTitle "CB50_2023"]
[SourceDate "2023.12.13"]
[SourceVersion "1"]
[SourceVersionDate "2023.12.13"]
[SourceQuality "1"]

1. e4 c6 2. d4 d5 3. exd5 cxd5 4. c4 Nf6 5. Nc3 e6 6. Nf3 Be7 7. cxd5 Nxd5 8. Bd3 Nc6 9. 0-0 0-0 10. a3 Bf6 11. Bc2 Nxc3 12. bxc3 b6 13. Qd3 g6 14. Bh6 Bg7 15. Bxg7 Kxg7 16. Rac1 Bb7 17. Rfd1 Rc8 18. h4 Na5 19. Ng5 Qd5 20. Qg3 Nc4 21. h5 Nd6 22. c4 Nxc4 23. hxg6 hxg6 24. Be4 Qd7 25. Nxe6+ Qxe6 26. Bxb7 Rb8 27. d5 Qf6 28. Ba6 Nd6 29. Rc7 Rh8 30. Qc3 Qxc3 31. Rxc3 Rh4 32. g3 Ra4 33. Bf1 Rd8 34. Re1 1/2-1/2

[Event "Las Palmas San Mateo CC op 1st"]
[Site "Las Palmas"]
[Date "2023.12.05"]
[Round "3"]
[White "Mamani Beltran, Deniman"]
[Black "Calzetta Ruiz, Monica"]
[Result "1/2-1/2"]
[WhiteElo "2154"]
[BlackElo "2253"]
[PlyCount "174"]
[EventDate "2023.12.04"]
[EventType "swiss"]
[EventRounds "9"]
[EventCountry "ESP"]
[SourceTitle "CB50_2023"]
[SourceDate "2023.12.13"]
[SourceVersion "1"]
[SourceVersionDate "2023.12.13"]
[SourceQuality "1"]

1. Nf3 c5 2. b3 Nf6 3. Bb2 e6 4. g3 d5 5. Bg2 Be7 6. 0-0 0-0 7. c4 Nc6 8. e3 b6 9. cxd5 Nxd5 10. d4 Ba6 11. Re1 Ndb4 12. Bf1 Bxf1 13. Rxf1 cxd4 14. exd4 Rc8 15. Nc3 h6 16. Qd2 Qd7 17. Rfd1 Rfd8 18. Qe2 Nd5 19. Ne4 Qb7 20. Ne5 Rc7 21. Rac1 Rdc8 22. Nxc6 Rxc6 23. Rxc6 Rxc6 24. Rc1 Rxc1+ 25. Bxc1 Qc6 26. Qc4 Nb4 27. Ba3 Qxe4 28. Bxb4 Bxb4 29. Qxb4 Qb1+ 30. Kg2 Qxa2 31. Qc3 Qb1 32. b4 Qe4+ 33. Kg1 Kh7 34. Qa1 f5 35. h4 f4 36. gxf4 Qxf4 37. Qxa7 Qxd4 38. Qe7 Qg4+ 39. Kf1 b5 40. Qc5 Qd1+ 41. Kg2 Qd5+ 42. f3 Kg6 43. Qe7 Qd2+ 44. Kh3 Qd5 45. Kg2 Qf5 46. Kg3 Qe5+ 47. Kg2 Qf6 48. Qe8+ Kh7 49. Qxb5 Qxh4 50. Qd3+ Kh8 51. b5 Qg5+ 52. Kh2 Qh5+ 53. Kg2 Qg5+ 54. Kh2 h5 55. b6 h4 56. b7 Qe5+ 57. Kh1 Qa1+ 58. Kg2 Qb2+ 59. Kh3 Qxb7 60. Kxh4 Qe7+ 61. Kg4 Qf6 62. Qe4 Kg8 63. Qb7 Kh7 64. f4 Qf5+ 65. Kg3 Qd3+ 66. Kh4 Qe3 67. Kg4 Qg1+ 68. Kh3 Qf1+ 69. Kg3 Qd3+ 70. Kh4 Qd4 71. Kg3 Qd3+ 72. Kg2 Kg6 73. Kf2 Qd4+ 74. Kg3 Qd3+ 75. Kf2 Qf5 76. Kg3 Qd5 77. Qe7 Qd3+ 78. Kf2 Qf5 79. Kg3 Qf6 80. Qe8+ Kh7 81. Qc6 Qg6+ 82. Kf2 Qf5 83. Kg3 e5 84. Qh1+ Kg6 85. Qc6+ Kh7 86. Qh1+ Kg6 87. Qc6+ Kh7 1/2-1/2

[Event "Wch Seniors (Women) 31st"]
[Site "Terassini"]
[Date "2023.10.29"]
[Round "5"]
[White "Calzetta Ruiz, Monica"]
[Black "Klinova, Masha"]
[Result "1-0"]
[WhiteElo "2239"]
[BlackElo "2249"]
[PlyCount "99"]
[EventDate "2023.10.25"]
[EventType "swiss"]
[EventRounds "11"]
[EventCountry "ITA"]
[SourceTitle "Mega2024 Update 01"]
[Source "Chessbase"]
[SourceDate "2023.11.12"]
[SourceVersion "1"]
[SourceVersionDate "2023.11.12"]
[SourceQuality "1"]

1. e4 d6 2. d4 g6 3. Nc3 Bg7 4. Be3 a6 5. h4 h5 6. Qd2 Nf6 7. f3 Nc6 8. 0-0-0 b5 9. Kb1 e5 10. dxe5 Nxe5 11. Bg5 Be6 12. Nh3 Qd7 13. Nf4 0-0 14. Nxe6 fxe6 15. f4 b4 16. Bxf6 bxc3 17. Qxc3 Rxf6 18. fxe5 Rf4 19. Bc4 Rxe4 20. Bxe6+ Qxe6 21. Qc6 Qxe5 22. Qxa8+ Kh7 23. c3 Rb4 24. Qf3 Qxc3 25. Qxc3 Bxc3 26. b3 Be5 27. Rc1 c5 28. Rc4 Rb6 29. g4 Rb7 30. gxh5 gxh5 31. Ra4 Rb6 32. Rf1 Kg6 33. Rf8 Bf6 34. Ra8 Kf5 35. R8xa6 Rxa6 36. Rxa6 Bxh4 37. Rxd6 Bf2 38. a4 h4 39. a5 h3 40. Rd1 Kg4 41. a6 c4 42. bxc4 h2 43. Rh1 Kg3 44. Kc2 Kg2 45. Rxh2+ Kxh2 46. Kd3 Kg3 47. Ke4 Ba7 48. Kd5 Kf4 49. c5 Kf5 50. c6 1-0

[Event "San Cristobal op 5th"]
[Site "San Cristobal de La Laguna"]
[Date "2023.09.01"]
[Round "8"]
[White "Calzetta Ruiz, Monica"]
[Black "Kurajica, Bojan"]
[Result "1-0"]
[WhiteElo "2218"]
[BlackElo "2474"]
[PlyCount "81"]
[EventDate "2023.08.26"]
[EventType "swiss"]
[EventRounds "9"]
[EventCountry "ESP"]
[SourceTitle "EXT 2024"]
[Source "ChessBase"]
[SourceDate "2023.10.10"]
[SourceVersion "1"]
[SourceVersionDate "2023.10.10"]
[SourceQuality "1"]

1. e4 c5 2. Nf3 e6 3. d4 cxd4 4. Nxd4 a6 5. Nc3 Qc7 6. Bd3 Bc5 7. Nb3 Be7 8. Qe2 Nc6 9. f4 d6 10. Bd2 Nf6 11. 0-0-0 b5 12. g4 b4 13. Na4 Nd7 14. g5 Rb8 15. h4 e5 16. f5 Nd8 17. g6 Qc6 18. gxf7+ Nxf7 19. Rhg1 Bf8 20. Bc4 Nf6 21. Bg5 Qxe4 22. Qf1 Qc6 23. Bxf6 gxf6 24. Bd5 Qxa4 25. Qc4 Nd8 26. Qc7 Qb5 27. Bf3 h5 28. Rg8 Qd7 29. Qxd7+ Bxd7 30. Rxh8 Bxf5 31. Bxh5+ Ke7 32. Rf1 Be6 33. Rh7+ Nf7 34. Nd4 exd4 35. Bxf7 Bxf7 36. Re1+ Kd8 37. Rxf7 Bh6+ 38. Kb1 Rb6 39. Rxf6 Be3 40. h5 Ke7 41. Rg6 1-0

[Event "San Cristobal op 5th"]
[Site "San Cristobal de La Laguna"]
[Date "2023.08.27"]
[Round "3"]
[White "Sosa, Tomas Sebastian"]
[Black "Calzetta Ruiz, Monica"]
[Result "1-0"]
[WhiteElo "2556"]
[BlackElo "2218"]
[PlyCount "91"]
[EventDate "2023.08.26"]
[EventType "swiss"]
[EventRounds "9"]
[EventCountry "ESP"]
[SourceTitle "EXT 2024"]
[Source "ChessBase"]
[SourceDate "2023.10.10"]
[SourceVersion "1"]
[SourceVersionDate "2023.10.10"]
[SourceQuality "1"]

1. e4 c5 2. Nf3 d6 3. d4 cxd4 4. Nxd4 Nf6 5. Nc3 g6 6. f4 Nc6 7. Nxc6 bxc6 8. e5 Bg4 9. Be2 Bxe2 10. Qxe2 dxe5 11. fxe5 Nd5 12. e6 f5 13. Qe5 Nf6 14. Be3 Bg7 15. Rd1 Qb8 16. Qxb8+ Rxb8 17. b3 Ng4 18. Bd4 0-0 19. h3 Ne3 20. Bxe3 Bxc3+ 21. Kf2 Rf6 22. Rd3 Bb4 23. Rhd1 Rxe6 24. Bxa7 Ra8 25. Rd8+ Rxd8 26. Rxd8+ Kf7 27. Be3 h5 28. a4 c5 29. Rc8 Re5 30. Kf3 Rd5 31. c3 Bxc3 32. Rxc5 Rxc5 33. Bxc5 e5 34. b4 Ke6 35. a5 Kd7 36. a6 Kc8 37. b5 e4+ 38. Ke3 Be5 39. b6 g5 40. Be7 Bf4+ 41. Kd4 g4 42. hxg4 hxg4 43. Kd5 e3 44. Kc6 e2 45. b7+ Kb8 46. Bc5 1-0

[Event "La Palma Island op"]
[Site "Santa Cruz de La Palma"]
[Date "2023.08.10"]
[Round "8"]
[White "Calzetta Ruiz, Monica"]
[Black "Martin Luis, Cesar"]
[Result "1-0"]
[WhiteElo "2218"]
[BlackElo "2039"]
[PlyCount "53"]
[EventDate "2023.08.05"]
[EventType "swiss"]
[EventRounds "9"]
[EventCountry "ESP"]
[SourceTitle "CBM 215 Extra"]
[Source "ChessBase"]
[SourceDate "2023.09.30"]
[SourceVersion "1"]
[SourceVersionDate "2023.09.30"]
[SourceQuality "1"]

1. e4 e5 2. Nf3 Nc6 3. Bb5 a6 4. Ba4 Nf6 5. d3 Bc5 6. 0-0 d6 7. c3 0-0 8. Bg5 h6 9. Bh4 g5 10. Nxg5 hxg5 11. Bxg5 Bg4 12. Qc1 Kh7 13. d4 Bb6 14. Bxc6 bxc6 15. f4 exd4 16. Kh1 Qe8 17. Bxf6 Qxe4 18. Nd2 Qg6 19. Bxd4 c5 20. Bf2 Rg8 21. Bg3 Be2 22. f5 Qh5 23. Ne4 Qh6 24. Re1 Bb5 25. Bf4 Qg7 26. Bg5 Bc6 27. Re3 1-0

[Event "La Palma Island op"]
[Site "Santa Cruz de La Palma"]
[Date "2023.08.06"]
[Round "3"]
[White "Calzetta Ruiz, Monica"]
[Black "Larios Villa, Francisco Javier"]
[Result "1-0"]
[WhiteElo "2218"]
[BlackElo "1806"]
[PlyCount "66"]
[EventDate "2023.08.05"]
[EventType "swiss"]
[EventRounds "9"]
[EventCountry "ESP"]
[SourceTitle "CBM 215 Extra"]
[Source "ChessBase"]
[SourceDate "2023.09.30"]
[SourceVersion "1"]
[SourceVersionDate "2023.09.30"]
[SourceQuality "1"]

1. e4 c5 2. Nf3 Nc6 3. Nc3 a6 4. g3 e6 5. Bg2 Nge7 6. 0-0 g6 7. e5 d5 8. exd6 Nf5 9. Ne4 Bxd6 10. Nxd6+ Qxd6 11. d3 f6 12. Nd2 Bd7 13. Ne4 Qe7 14. a4 Rc8 15. a5 Nd8 16. b3 Bc6 17. Ba3 Bxe4 18. Bxe4 Nd6 19. Bg2 Nb5 20. Bb2 0-0 21. Re1 Kg7 22. Qd2 h5 23. Ra4 Qd6 24. Rae4 Rc7 25. f4 Nd4 26. Qf2 Rd7 27. b4 Qc7 28. bxc5 N4c6 29. Bh3 Qxa5 30. Bxe6 Nxe6 31. Rxe6 Qb5 32. Ba1 Rd5 33. c4 Rdd8 1-0

[Event "Vaujany op 14th"]
[Site "Vaujany"]
[Date "2023.07.20"]
[Round "8"]
[White "Hamdouchi, Hicham"]
[Black "Calzetta Ruiz, Monica"]
[Result "1/2-1/2"]
[WhiteElo "2521"]
[BlackElo "2164"]
[PlyCount "82"]
[EventDate "2023.07.13"]
[EventType "swiss"]
[EventRounds "9"]
[EventCountry "FRA"]
[SourceTitle "CBM 215 Extra"]
[Source "ChessBase"]
[SourceDate "2023.09.30"]
[SourceVersion "1"]
[SourceVersionDate "2023.09.30"]
[SourceQuality "1"]

1. e4 c5 2. Nf3 g6 3. c3 d5 4. e5 Nc6 5. h3 Qa5 6. d3 Bg7 7. Bf4 f6 8. Qe2 fxe5 9. Nxe5 Nf6 10. g3 0-0 11. Bg2 Nd4 12. Qd1 Ne6 13. Bc1 Qc7 14. Nf3 Bd7 15. 0-0 Rae8 16. Re1 Nh5 17. Qe2 Rf5 18. Na3 Ref8 19. Rf1 Nxg3 20. fxg3 Qxg3 21. Nc2 Nf4 22. Bxf4 Rxf4 23. Nh2 Bxh3 24. Rxf4 Rxf4 25. Rf1 Bxg2 26. Qxg2 Rxf1+ 27. Nxf1 Qxd3 28. Nce3 e6 29. Qg4 Qa6 30. Qf4 h5 31. Qb8+ Kh7 32. Qe8 d4 33. cxd4 cxd4 34. Ng2 Qe2 35. Qf7 d3 36. Nf4 Qg4+ 37. Kf2 Kh6 38. Nxe6 Qe2+ 39. Kg1 Qg4+ 40. Kf2 Qe2+ 41. Kg1 Qg4+ 1/2-1/2

[Event "Vaujany op 14th"]
[Site "Vaujany"]
[Date "2023.07.19"]
[Round "7"]
[White "Calzetta Ruiz, Monica"]
[Black "Vidal, Llewellyn"]
[Result "1-0"]
[WhiteElo "2164"]
[BlackElo "2224"]
[PlyCount "63"]
[EventDate "2023.07.13"]
[EventType "swiss"]
[EventRounds "9"]
[EventCountry "FRA"]
[SourceTitle "CBM 215 Extra"]
[Source "ChessBase"]
[SourceDate "2023.09.30"]
[SourceVersion "1"]
[SourceVersionDate "2023.09.30"]
[SourceQuality "1"]

1. e4 c5 2. Nf3 Nc6 3. Nc3 g6 4. d4 cxd4 5. Nxd4 Bg7 6. Be3 Nf6 7. Nb3 0-0 8. Qd2 d6 9. f3 Be6 10. 0-0-0 a6 11. Kb1 b5 12. Bh6 Bxh6 13. Qxh6 Qb6 14. h4 Rfc8 15. h5 a5 16. hxg6 fxg6 17. Bxb5 a4 18. Bxa4 Ne5 19. Rd4 Rxc3 20. bxc3 Nc4 21. Bd7 Na3+ 22. Kc1 Bxd7 23. e5 dxe5 24. Rxd7 Kf7 25. Rd3 Nxc2 26. Kb2 Qa6 27. Nc1 Na3 28. Rh4 Nc4+ 29. Rxc4 Qxc4 30. Qd2 Ne8 31. Rd7 Nd6 32. Qxd6 1-0

[Event "Vaujany op 14th"]
[Site "Vaujany"]
[Date "2023.07.17"]
[Round "5"]
[White "Estremera Panos, Sergio"]
[Black "Calzetta Ruiz, Monica"]
[Result "1/2-1/2"]
[WhiteElo "2275"]
[BlackElo "2164"]
[PlyCount "61"]
[EventDate "2023.07.13"]
[EventType "swiss"]
[EventRounds "9"]
[EventCountry "FRA"]
[SourceTitle "CBM 215 Extra"]
[Source "ChessBase"]
[SourceDate "2023.09.30"]
[SourceVersion "1"]
[SourceVersionDate "2023.09.30"]
[SourceQuality "1"]

1. e4 c6 2. d4 d5 3. exd5 cxd5 4. c4 Nf6 5. Nc3 Nc6 6. Nf3 Bg4 7. cxd5 Nxd5 8. Qb3 Bxf3 9. gxf3 e6 10. Qxb7 Nxd4 11. Bb5+ Nxb5 12. Qc6+ Ke7 13. Qxb5 Qd7 14. Nxd5+ Qxd5 15. Qxd5 exd5 16. Be3 Ke6 17. 0-0-0 Bb4 18. a3 Rhc8+ 19. Kb1 Bc5 20. Rhe1 Bxe3 21. Rxe3+ Kd6 22. Red3 Rc5 23. b4 Rb5 24. Kb2 a5 25. Kb3 axb4 26. axb4 Rab8 27. Rd4 Re8 28. Re4 Reb8 29. Red4 Re8 30. Re4 Reb8 31. Red4 1/2-1/2

[Event "Colonia de Sant Jordi op 2nd"]
[Site "Colonia de Sant Jordi"]
[Date "2023.06.16"]
[Round "7"]
[White "Calzetta Ruiz, Monica"]
[Black "Draghici Flutur, Gavril"]
[Result "1-0"]
[WhiteElo "2174"]
[BlackElo "1934"]
[PlyCount "59"]
[EventDate "2023.06.10"]
[EventType "swiss"]
[EventRounds "9"]
[EventCountry "ESP"]
[SourceTitle "CBM 214 Extra"]
[Source "ChessBase"]
[SourceDate "2023.07.31"]
[SourceVersion "1"]
[SourceVersionDate "2023.07.31"]
[SourceQuality "1"]

1. c4 e5 2. Nc3 Nc6 3. g3 f5 4. Bg2 Nf6 5. e3 d5 6. Nxd5 Nxd5 7. cxd5 Nb4 8. Ne2 Nd3+ 9. Kf1 Bc5 10. Qb3 e4 11. Nf4 Nxf4 12. gxf4 Qd6 13. d4 exd3 14. Qxd3 Bd7 15. Bd2 0-0-0 16. Rc1 Rhg8 17. h4 g6 18. Qc4 Bb6 19. Bb4 Qf6 20. Bc3 Qf7 21. Be5 Be8 22. a4 Kb8 23. Ke2 h6 24. Qb4 Qd7 25. Rc4 Ka8 26. a5 c5 27. Qxb6 axb6 28. axb6 Qb5 29. Ra1+ Qa6 30. Rxa6+ 1-0

[Event "ESP-chT CECLUB Div1"]
[Site "Sanxenxo"]
[Date "2022.09.21"]
[Round "5.1"]
[White "Buiza Prieto, Eihartze"]
[Black "Calzetta Ruiz, Monica"]
[Result "0-1"]
[WhiteElo "2080"]
[BlackElo "2227"]
[PlyCount "162"]
[EventDate "2022.09.17"]
[EventType "team-tourn"]
[EventRounds "7"]
[EventCountry "ESP"]
[SourceTitle "CBM 210 Extra"]
[Source "ChessBase"]
[SourceDate "2022.11.30"]
[SourceVersion "1"]
[SourceVersionDate "2022.11.30"]
[SourceQuality "1"]
[WhiteTeam "Taldea Gros Xake"]
[BlackTeam "Oromana CEN Solutions"]
[WhiteTeamCountry "ESP"]
[BlackTeamCountry "ESP"]

1. e4 e6 2. d4 d5 3. Nd2 dxe4 4. Nxe4 Nd7 5. Nf3 Ngf6 6. Bd3 Nxe4 7. Bxe4 Nf6 8. Bd3 c5 9. 0-0 cxd4 10. Bb5+ Bd7 11. Bxd7+ Qxd7 12. Qxd4 Qxd4 13. Nxd4 Bc5 14. Nb3 Bb6 15. Bd2 Rc8 16. Rac1 0-0 17. c4 Rfd8 18. Bg5 Rd7 19. Bxf6 gxf6 20. Rc2 f5 21. Nd2 Ba5 22. Nf3 b5 23. c5 Rd5 24. Rfc1 e5 25. g3 e4 26. Nh4 Bd2 27. Rd1 e3 28. Kf1 Rdxc5 29. Rxc5 Rxc5 30. fxe3 Bxe3 31. Re1 f4 32. Ng2 Bc1 33. Nxf4 Bxf4 34. gxf4 Rc4 35. f5 Rf4+ 36. Kg2 Rxf5 37. Re8+ Kg7 38. Ra8 Rc5 39. Rxa7 Rc2+ 40. Kg3 Rxb2 41. Ra6 f6 42. h3 Kg6 43. Ra5 Rb4 44. Kf3 h5 45. Kg3 h4+ 46. Kf3 f5 47. Ra6+ Kg5 48. Ra8 Rf4+ 49. Ke3 Ra4 50. Rg8+ Kf6 51. Rb8 b4 52. Kf3 Ke5 53. Rb5+ Kd4 54. Rxf5 Rxa2 55. Kg4 b3 56. Kxh4 b2 57. Rb5 Kc3 58. Kg5 Ra5 59. Rxa5 b1Q 60. Rf5 Qg1+ 61. Kh5 Kd4 62. h4 Ke4 63. Rg5 Qf2 64. Rg4+ Kf5 65. Rg5+ Kf6 66. Rg6+ Kf7 67. Rg5 Qf3+ 68. Kh6 Qf6+ 69. Kh5 Qf4 70. Rg7+ Kf8 71. Rg5 Qe4 72. Rg4 Qe2 73. Kg5 Qe5+ 74. Kh6 Kf7 75. Rg6 Qf4+ 76. Kh5 Qf3+ 77. Kh6 Qe3+ 78. Kh5 Qe2+ 79. Kh6 Qd2+ 80. Kh5 Qd4 81. Rg7+ Kxg7 0-1